Elisa Mújica : (Registro nro. 15373)
[ vista simple ]
| 000 -LEADER | |
|---|---|
| fixed length control field | 00807nam a22002177a 4500 |
| 003 - CONTROL NUMBER IDENTIFIER | |
| control field | OSt |
| 005 - DATE AND TIME OF LATEST TRANSACTION | |
| control field | 20250801112814.0 |
| 008 - FIXED-LENGTH DATA ELEMENTS--GENERAL INFORMATION | |
| fixed length control field | 210315s2018 ck a|||er|||| 00| jdspa d |
| 040 ## - CATALOGING SOURCE | |
| Original cataloging agency | CO-JMCR |
| Transcribing agency | CO-JMCR |
| 041 0# - LANGUAGE CODE | |
| Language code of text/sound track or separate title | spa |
| 082 04 - DEWEY DECIMAL CLASSIFICATION NUMBER | |
| Classification number | A-C |
| Item number | MÚJe |
| Edition number | 23 |
| 100 1# - MAIN ENTRY--PERSONAL NAME | |
| Personal name | Mújica, Elisa, |
| Relator term | autora |
| 9 (RLIN) | 1378 |
| 245 10 - TITLE STATEMENT | |
| Title | Elisa Mújica : |
| Remainder of title | 100 años de su natalicio / |
| Statement of responsibility, etc. | Elisa Mújica |
| 260 ## - PUBLICATION, DISTRIBUTION, ETC. | |
| Place of publication, distribution, etc. | [Colombia] : |
| Name of publisher, distributor, etc. | Ministerio de Cultura, |
| Date of publication, distribution, etc. | 2018 |
| 300 ## - PHYSICAL DESCRIPTION | |
| Extent | 32 páginas : |
| Other physical details | ilustraciones a color ; |
| Dimensions | 21 cm. |
| 500 ## - GENERAL NOTE | |
| General note | Incluye datos biográficos de la autora. |
| 500 ## - GENERAL NOTE | |
| General note | "Ministerio de Cultura de Colombia. Plan Nacional de Lectura y Escritura "Leer es mi cuento""--Tapa |
| 505 0# - FORMATTED CONTENTS NOTE | |
| Formatted contents note | El mago de los libros -- Las altas torres del humo |
| 650 14 - SUBJECT ADDED ENTRY--TOPICAL TERM | |
| Topical term or geographic name entry element | Cuentos colombianos |
| Chronological subdivision | Siglo XXI |
| 9 (RLIN) | 10462 |
| 942 ## - ADDED ENTRY ELEMENTS (KOHA) | |
| Source of classification or shelving scheme | Dewey Decimal Classification |
| Koha item type | Books |
| Withdrawn status | Lost status | Source of classification or shelving scheme | Damaged status | Not for loan | Collection code | Home library | Current library | Date acquired | Source of acquisition | Total Checkouts | Full call number | Barcode | Date last seen | Copy number | Price effective from | Koha item type |
|---|---|---|---|---|---|---|---|---|---|---|---|---|---|---|---|---|
| Dewey Decimal Classification | Fiction | Biblioteca Pública José María del Castillo y Rada | Biblioteca Pública José María del Castillo y Rada | 10/02/2020 | Donación | A-C MÚJe | 201810765 | 03/15/2021 | Ej.1 | 03/15/2021 | Books |